Torschützenliste der La Liga 2013-2014 - Statistiken

Allgemein
  • Dieses Quiz wurde 34 mal gespielt
  • Das Durchschnittsergebnis liegt bei 7 aus 12
Antwortstatistiken
Tore Nationalität Varein Spieler % Korrekt
31 Portugal Real Madrid Cristiano Ronaldo
100%
28 Argentinien FC Barcelona Lionel Messi
100%
17 Frankreich Real Madrid Karim Benzema
94%
15 Wales Real Madrid Gareth Bale
88%
19 Chile FC Barcelona Alexis Sánchez
84%
16 Frankreich Real Sociedad Antoine Griezmann
63%
27 Brasilien Atlético Madrid Diego Costa
50%
15 Spanien FC Barcelona Pedro
47%
16 Spanien Athletic Bilbao Aritz Aduriz
31%
16 Mexiko Real Sociedad Carlos Vela
31%
15 Frankreich FC Sevilla Kevin Gameiro
6%
15 Spanien Real Valladolid Javi Guerra
0%
Keine übereinstimmenden Quizze gefunden
Verteilung der Resultate
Anzahl Personen mit jedem Resultat
Perzentil nach korrekt beantworteten Fragen
Ihre Resultats-Entwicklung
Sie haben dieses Quiz noch nicht gespielt